Správa a riadenie v obchodných spoločnostiach

Prehľad rôznych názorov a pohľadov na riadenie a správu v obchodných spoločnostiach. Princípy správy a riadenia podniku. Úloha jednotivých súčastí systému corporate governance. Konflikt záujmov. Riadenie konfliktov záujmov.

Na minha lista:
Detalhes bibliográficos
Autor principal: Bobáková, Viktória
Outros Autores: Hurová, Jana
Formato: Capítulo de Livro
Idioma:eslovaco
Assuntos:
Tags: Adicionar Tag
Sem tags, seja o primeiro a adicionar uma tag!

MARC

LEADER 00000naa$a2200000$$$4500
001 0049419
005 20240502071554.8
041 0 |a slo 
044 |a SK 
245 1 0 |a Správa a riadenie v obchodných spoločnostiach  |c Viktória Bobáková, Jana Hurová 
520 |a Prehľad rôznych názorov a pohľadov na riadenie a správu v obchodných spoločnostiach. Princípy správy a riadenia podniku. Úloha jednotivých súčastí systému corporate governance. Konflikt záujmov. Riadenie konfliktov záujmov. 
610 2 0 |a riadenie podnikové 
610 2 0 |a spoločnosti obchodné 
610 2 0 |a správa spoločnosti 
610 2 0 |a etika podniková 
610 2 0 |a konflikt záujmov 
100 1 |a Bobáková, Viktória 
700 1 |a Hurová, Jana